Same Name Slideshow II Quiz Stats

 Plays Quiz Updated Jul 31, 2015

Challenge
Share
Tweet
Score 0/24 Timer 06:00
5 Plays Today
% Correct
Elvis Presley & Elvis Costello
98.7%
Jennifer Lawrence & Jennifer Lopez
97.1%
George Clooney & George Lopez
96.8%
Robert De Niro & Robert Pattinson
95.5%
Paul McCartney & Paul Newman
92.2%
Adam Ant & Adam Sandler
91.3%
Julia Child & Julia Roberts
87.7%
Janet Jackson & Janet Reno
86.9%
Danny DeVito & Danny Trejo
84.9%
Stevie Nicks & Stevie Wonder
82.3%
Kate Winslet & Kate Upton
80.7%
Christopher Reeve & Christopher Walken
79.7%
% Correct
Harry Connick, Jr. & Harry Houdini
75.7%
Willie Mays & Willie Nelson
71.6%
Margaret Mead & Margaret Thatcher
71.2%
Jimmy Carter & Jimmy Durante
70.6%
Eva Gabor & Eva Longoria
70.4%
Glenn Beck & Glenn Close
68.9%
Kenny Chesney & Kenny Rogers
68.7%
Bob Dylan & Bob Newhart
68%
Iggy Azalea & Iggy Pop
67.3%
Bette Davis & Bette Midler
66.7%
Barry Manilow & Barry White
55.7%
Nancy Grace & Nancy Reagan
50.2%

You're not logged in!

Compare scores with friends on all Sporcle quizzes.
Join for Free
OR
Log In

You Might Also Like...

Show Comments

Extras

Top Quizzes Today


Score Distribution

Your Account Isn't Verified!

In order to create a playlist on Sporcle, you need to verify the email address you used during registration. Go to your Sporcle Settings to finish the process.

Report this User

Report this user for behavior that violates our Community Guidelines.

Details: